| 000 | 01720cam a22004577i 4500 | ||
|---|---|---|---|
| 001 | cm7w34rr90fbl3ft | ||
| 003 | LIBRIS | ||
| 005 | 20250723155301.0 | ||
| 008 | 190305s2019 xxka|||||b||||000 0|eng| | ||
| 020 | _a9781292269245 | ||
| 040 |
_aLi _bswe _ei _erda _c. |
||
| 041 | _aeng | ||
| 082 | 0 | 4 | _a658.8342 S335 2019 |
| 084 |
_aQblbmd _2kssb/8 (machine generated) |
||
| 100 | 1 | _aSchiffman, Leon G. | |
| 245 | 1 | 0 |
_aConsumer behavior : _c/ _bLeon G. Schiffman, Joseph Wisenblit. |
| 250 | _aTwelfth edition, Global edition | ||
| 260 | _bPearson, Harlow, England, 2019 | ||
| 264 | 1 |
_aHarlow : _bPearson, _c2019 |
|
| 264 | 4 | _c2019 | |
| 300 |
_a508 p _c24 cm |
||
| 336 |
_atext _btxt _2rdacontent |
||
| 337 |
_aunmediated _bn _2rdamedia |
||
| 338 |
_avolume _bnc _2rdacarrier |
||
| 650 | 7 |
_aKonsumentpsykologi _0https://id.kb.se/term/sao/Konsumentpsykologi _2sao _zMarketing |
|
| 650 | 0 | _aConsumer behavior | |
| 700 | 1 |
_aWisenblit, Joseph _4aut |
|
| 887 |
_a{"@id":"cm7w34rr90fbl3ft","modified":"2019-03-05T08:05:28.044+01:00","checksum":"50492964845"} _2librisxl |
||
| 887 |
_a{"@id":"cm7w36q99t0mf6xz","modified":"2019-03-05T08:06:20.715+01:00","checksum":"14004778955"} _2librisxl |
||
| 942 |
_2ddc _cBK-EN _n0 |
||
| 999 |
_c7850 _d7850 |
||